[Event "GER-chT Christmas U20"]
[Site "Playchess.com INT"]
[Date "2020.12.29"]
[Round "7.3"]
[White "Wolf, Pablo"]
[Black "Tham, Minh"]
[Result "0-1"]
[WhiteElo "2001"]
[BlackElo "1844"]
[PlyCount "142"]
[EventDate "2020.12.29"]
[EventType "team-swiss (blitz)"]
[EventRounds "7"]
[EventCountry "GER"]
[SourceTitle "CBM 200 Extra"]
[Source "ChessBase"]
[SourceDate "2021.03.31"]
[SourceVersion "1"]
[SourceVersionDate "2021.03.31"]
[SourceQuality "1"]
[WhiteTeam "Bamberg"]
[BlackTeam "Weisse Dame"]
[WhiteTeamCountry "GER"]
[BlackTeamCountry "GER"]

1. e4 e5 2. Nc3 Nf6 3. d3 d5 4. Bg5 d4 5. Nd5 Be7 6. Nxe7 Qxe7 7. f4 Nc6 8. Nf3 h6 9. Bxf6 Qxf6 10. fxe5 Nxe5 11. Nxd4 Ng4 12. Nf3 Qb6 13. d4 Qxb2 14. Rb1 Qxa2 15. Bd3 Qa5+ 16. Qd2 Qxd2+ 17. Nxd2 0-0 18. 0-0 b6 19. Rbe1 Bb7 20. e5 h5 21. Rf5 g6 22. Rg5 Rad8 23. h3 Nh6 24. c3 c5 25. Nb3 cxd4 26. Nxd4 Bd5 27. e6 Bxe6 28. Rxe6 fxe6 29. Rxg6+ Kf7 30. Rxh6 Rfe8 31. Bc4 Kg7 32. Rxh5 Kg6 33. Re5 Kf6 34. Nf3 Rc8 35. Bb5 Re7 36. c4 Rg7 37. g4 Rh7 38. Kg2 Rd8 39. Rxe6+ Kxe6 40. Ng5+ Kf6 41. Nxh7+ Kg6 42. Bc6 Kxh7 43. Be4+ Kg7 44. Kg3 a5 45. h4 a4 46. g5 a3 47. Bb1 Rd1 48. Ba2 Rd2 49. Bb1 a2 50. Bxa2 Rxa2 51. h5 Ra3+ 52. Kg4 Ra4 53. Kf5 Rxc4 54. h6+ Kh8 55. Kg6 Rc6+ 56. Kf7 Rc7+ 57. Kf6 b5 58. g6 b4 59. g7+ Rxg7 60. hxg7+ Kg8 61. Ke5 b3 62. Kf6 b2 63. Kg6 b1Q+ 64. Kf6 Qb6+ 65. Kg5 Qf2 66. Kh6 Qg3 67. Kh5 Qg2 68. Kh6 Qg1 69. Kh5 Kxg7 70. Kh4 Kf6 71. Kh5 Qg5# 0-1

[Event "GER-ch U18 sf Berlin Online"]
[Site "Playchess.com INT"]
[Date "2020.05.01"]
[Round "9"]
[White "Tham, Minh"]
[Black "Henninger, Claire"]
[Result "1/2-1/2"]
[WhiteElo "1620"]
[BlackElo "1620"]
[PlyCount "150"]
[EventDate "2020.05.01"]
[EventType "swiss (blitz)"]
[EventRounds "13"]
[EventCountry "GER"]
[SourceTitle "CBM 195 Extra"]
[Source "ChessBase"]
[SourceDate "2020.05.31"]
[SourceVersion "1"]
[SourceVersionDate "2020.05.31"]
[SourceQuality "1"]

1. d4 d5 2. c4 c6 3. cxd5 cxd5 4. Nc3 Nf6 5. Bf4 e6 6. e3 Bd6 7. Bxd6 Qxd6 8. f4 Nc6 9. Nf3 0-0 10. Bd3 Nb4 11. 0-0 Nxd3 12. Qxd3 b6 13. a3 Bb7 14. Rac1 Rac8 15. Ne5 Nd7 16. b4 Nxe5 17. fxe5 Qd7 18. Nb1 Rxc1 19. Rxc1 Rc8 20. Rxc8+ Bxc8 21. Qc3 h6 22. Nd2 Ba6 23. Kf2 Qb5 24. Nf3 Qf1+ 25. Kg3 Be2 26. Qc2 Bxf3 27. gxf3 Qc4 28. Qb2 b5 29. Kf2 a6 30. e4 dxe4 31. fxe4 Qc6 32. Ke3 Qc4 33. Qd2 Qb3+ 34. Qd3 Qb2 35. h3 Qc1+ 36. Ke2 Qf4 37. d5 Qxe5 38. d6 Qb2+ 39. Qd2 Qxd2+ 40. Kxd2 Kf8 41. Kd3 Ke8 42. Kd4 Kd7 43. Kc5 f5 44. exf5 exf5 45. Kd5 f4 46. Ke4 f3 47. Kxf3 Kxd6 48. Kf4 Ke6 49. h4 Kf6 50. h5 g6 51. Kg4 g5 52. Kf3 Kf5 53. Kg3 g4 54. Kh4 Kf4 55. a4 g3 56. axb5 axb5 57. Kh3 g2 58. Kxg2 Ke4 59. Kg3 Kd4 60. Kg4 Kc4 61. Kf5 Kxb4 62. Kg6 Kc3 63. Kxh6 b4 64. Kg7 b3 65. h6 b2 66. h7 b1Q 67. h8Q Qb7+ 68. Kg6+ Kc4 69. Qh4+ Kc5 70. Qf2+ Kd6 71. Qf4+ Kc5 72. Qc1+ Kd4 73. Qd2+ Ke5 74. Qg5+ Ke6 75. Qf6+ Kd7 1/2-1/2

[Event "Berlin Lichtenrade op 15th"]
[Site "Berlin"]
[Date "2019.10.17"]
[Round "6"]
[White "Budt, Matthias"]
[Black "Tham, Minh"]
[Result "1-0"]
[WhiteElo "2188"]
[BlackElo "1856"]
[PlyCount "55"]
[EventDate "2019.10.12"]
[EventType "swiss"]
[EventRounds "9"]
[EventCountry "GER"]
[SourceTitle "CBM 195 Extra"]
[Source "ChessBase"]
[SourceDate "2020.05.31"]
[SourceVersion "1"]
[SourceVersionDate "2020.05.31"]
[SourceQuality "1"]

1. d4 d5 2. c4 e6 3. Nc3 c6 4. Nf3 f5 5. Bf4 Nf6 6. e3 Be7 7. Bd3 0-0 8. Qc2 Bd7 9. h3 Ne4 10. g4 g5 11. Bxb8 Rxb8 12. gxf5 Nxc3 13. Qxc3 exf5 14. 0-0-0 Be6 15. Rhg1 h6 16. Ne5 Kg7 17. f4 Rc8 18. Kb1 Qd6 19. Nf3 Qd8 20. fxg5 hxg5 21. Nxg5 Bxg5 22. h4 Kf6 23. Rxg5 Rg8 24. Rdg1 Rxg5 25. hxg5+ Kg6 26. c5 Qc7 27. Rh1 Kxg5 28. Qe1 1-0

[Event "Berlin Lichtenrade op 15th"]
[Site "Berlin"]
[Date "2019.10.13"]
[Round "2"]
[White "Petersen, Marcel"]
[Black "Tham, Minh"]
[Result "1-0"]
[WhiteElo "1818"]
[BlackElo "1856"]
[PlyCount "51"]
[EventDate "2019.10.12"]
[EventType "swiss"]
[EventRounds "9"]
[EventCountry "GER"]
[SourceTitle "CBM 195 Extra"]
[Source "ChessBase"]
[SourceDate "2020.05.31"]
[SourceVersion "1"]
[SourceVersionDate "2020.05.31"]
[SourceQuality "1"]

1. e4 e5 2. Bc4 Nc6 3. Nc3 Nf6 4. d3 Bc5 5. Bg5 Na5 6. Nd5 Nxc4 7. Bxf6 gxf6 8. dxc4 c6 9. Ne3 d6 10. Qd3 Be6 11. 0-0-0 Qd7 12. Ne2 0-0-0 13. Ng3 Rhg8 14. Rhg1 Kb8 15. a3 Bxe3+ 16. fxe3 d5 17. cxd5 cxd5 18. exd5 Qxd5 19. Qxd5 Bxd5 20. Nh5 Kc8 21. Nxf6 Rxg2 22. Nxd5 Rxg1 23. Ne7+ Kc7 24. Rxg1 Kd6 25. Nf5+ Ke6 26. e4 1-0

[Event "Berlin-ch QT"]
[Site "Berlin"]
[Date "2019.04.28"]
[Round "9"]
[White "Tham, Minh"]
[Black "Krieger, Fabian"]
[Result "1/2-1/2"]
[WhiteElo "1926"]
[BlackElo "1921"]
[PlyCount "41"]
[EventDate "2019.04.20"]
[EventType "swiss"]
[EventRounds "9"]
[EventCountry "GER"]
[SourceTitle "EXT 2020"]
[Source "ChessBase"]
[SourceDate "2019.10.17"]
[SourceVersion "1"]
[SourceVersionDate "2019.10.17"]
[SourceQuality "1"]

1. d4 Nf6 2. c4 g6 3. Nc3 Bg7 4. e4 0-0 5. Nf3 c6 6. Be2 d5 7. e5 Ne4 8. Qc2 Nxc3 9. Qxc3 f6 10. Bf4 Be6 11. exf6 exf6 12. 0-0 dxc4 13. Bxc4 Bxc4 14. Qxc4+ Qd5 15. Qc5 Nd7 16. Qxd5+ cxd5 17. h3 Rfe8 18. Rfe1 Bf8 19. Rxe8 Rxe8 20. Rc1 Nb6 21. Rc7 1/2-1/2

[Event "Berlin-ch QT"]
[Site "Berlin"]
[Date "2019.04.26"]
[Round "7"]
[White "Tham, Minh"]
[Black "Steiner, Wolfram"]
[Result "1-0"]
[WhiteElo "1926"]
[BlackElo "1946"]
[PlyCount "71"]
[EventDate "2019.04.20"]
[EventType "swiss"]
[EventRounds "9"]
[EventCountry "GER"]
[SourceTitle "EXT 2020"]
[Source "ChessBase"]
[SourceDate "2019.10.17"]
[SourceVersion "1"]
[SourceVersionDate "2019.10.17"]
[SourceQuality "1"]

1. d4 Nf6 2. c4 g6 3. Nc3 Bg7 4. e4 d6 5. Nf3 0-0 6. Be2 c5 7. d5 e6 8. 0-0 Re8 9. Bd3 Na6 10. a3 Nc7 11. Bf4 exd5 12. exd5 b5 13. Re1 Rxe1+ 14. Qxe1 Bg4 15. Qd1 Nh5 16. Bd2 bxc4 17. Bxc4 Rb8 18. b3 Qf6 19. Rc1 Bxf3 20. Qxf3 Qxf3 21. gxf3 Be5 22. Re1 f5 23. Na4 Nb5 24. Nxc5 Nxa3 25. Nd7 Nxc4 26. bxc4 Rb2 27. Bg5 h6 28. Nxe5 hxg5 29. Nxg6 Ng7 30. Ne7+ Kf8 31. Nc8 a5 32. Nxd6 a4 33. Nb5 Rd2 34. d6 a3 35. c5 a2 36. c6 1-0

[Event "JBLN Ost 1819"]
[Site "Germany"]
[Date "2018.12.01"]
[Round "4.3"]
[White "Bui, Bao Anh Le"]
[Black "Tham, Minh"]
[Result "1-0"]
[WhiteElo "2040"]
[BlackElo "1905"]
[PlyCount "45"]
[EventDate "2018.09.29"]
[EventType "team-tourn"]
[EventRounds "9"]
[EventCountry "GER"]
[SourceTitle "CBM 189 Extra"]
[Source "ChessBase"]
[SourceDate "2019.05.31"]
[SourceVersion "1"]
[SourceVersionDate "2019.05.31"]
[SourceQuality "1"]
[WhiteTeam "Berlin Mattnetz"]
[BlackTeam "Weisse Dame"]
[WhiteTeamCountry "GER"]
[BlackTeamCountry "GER"]

1. e4 e5 2. Nf3 Nc6 3. Bc4 Bc5 4. d3 Nf6 5. c3 d6 6. Bb3 a6 7. Nbd2 Ba7 8. Nf1 Ne7 9. Ng3 Ng6 10. 0-0 0-0 11. d4 h6 12. Re1 Bd7 13. h3 Re8 14. Be3 Rb8 15. Qd2 Bc6 16. Bxh6 exd4 17. Bxg7 d5 18. exd5 Rxe1+ 19. Rxe1 Bd7 20. Qh6 Nh7 21. Nh5 Bf5 22. Re8+ Qxe8 23. Ng5 1-0

[Event "JBLN Ost 1819"]
[Site "Germany"]
[Date "2018.11.03"]
[Round "3.3"]
[White "Tham, Minh"]
[Black "Scheinhuette, Jakob"]
[Result "0-1"]
[WhiteElo "1868"]
[BlackElo "1908"]
[PlyCount "62"]
[EventDate "2018.09.29"]
[EventType "team-tourn"]
[EventRounds "9"]
[EventCountry "GER"]
[SourceTitle "CBM 189 Extra"]
[Source "ChessBase"]
[SourceDate "2019.05.31"]
[SourceVersion "1"]
[SourceVersionDate "2019.05.31"]
[SourceQuality "1"]
[WhiteTeam "Weisse Dame"]
[BlackTeam "Berlin Empor"]
[WhiteTeamCountry "GER"]
[BlackTeamCountry "GER"]

1. d4 Nf6 2. c4 g6 3. Nc3 Bg7 4. e4 0-0 5. Nf3 d6 6. Be2 e5 7. d5 a5 8. 0-0 Na6 9. Bg5 Nc5 10. Nd2 Qd7 11. f3 Nh5 12. Be3 b6 13. Qc2 Nf4 14. b3 Qe7 15. Bf2 Qg5 16. Bg3 h5 17. Kh1 h4 18. Bxf4 exf4 19. e5 h3 20. gxh3 Bxh3 21. Rg1 Qxe5 22. Nce4 f5 23. Ng5 Qxe2 24. Rae1 Bg2+ 25. Rxg2 Qxe1+ 26. Rg1 Qe2 27. Nh3 Nd3 28. Rxg6 Nf2+ 29. Nxf2 Qxf2 30. Rg2 Qe1+ 31. Rg1 Qe3 0-1

[Event "Berlin Lichtenrade op 14th"]
[Site "Berlin"]
[Date "2018.10.28"]
[Round "2"]
[White "Tham, Minh"]
[Black "Roehr, Tobias"]
[Result "1/2-1/2"]
[WhiteElo "1931"]
[BlackElo "2190"]
[PlyCount "108"]
[EventDate "2018.10.27"]
[EventType "swiss"]
[EventRounds "9"]
[EventCountry "GER"]
[SourceTitle "CBM 187 Extra"]
[Source "ChessBase"]
[SourceDate "2018.11.04"]
[SourceVersion "1"]
[SourceVersionDate "2018.11.04"]
[SourceQuality "1"]

1. e4 c5 2. Nf3 e6 3. d4 cxd4 4. c3 Nf6 5. e5 Nd5 6. cxd4 Nc6 7. Bc4 d6 8. exd6 Bxd6 9. Nc3 0-0 10. 0-0 Nxc3 11. bxc3 Ne7 12. Bd2 Ng6 13. Re1 b6 14. Bd3 Bb7 15. Be4 Qc7 16. Bxb7 Qxb7 17. Qb3 Rac8 18. Rac1 Rfd8 19. c4 h6 20. c5 Bf4 21. Be3 Rd5 22. cxb6 Rxc1 23. Rxc1 axb6 24. Rb1 Qa6 25. Qxb6 Qxa2 26. Re1 Rf5 27. h3 Kh7 28. Qb1 Qd5 29. Qc2 Qd6 30. Bxf4 Rxf4 31. Re4 f5 32. Re3 Qd5 33. Qe2 Nh4 34. Nxh4 Rxh4 35. Rxe6 Rxd4 36. Re7 Rd1+ 37. Kh2 Rd2 38. Qe5 Qxe5+ 39. Rxe5 Kg6 40. Kg3 Kf6 41. Ra5 Rd3+ 42. f3 Rd2 43. f4 Rd3+ 44. Kf2 h5 45. Ra6+ Ke7 46. h4 Rd6 47. Ra7+ Kf6 48. Ra5 Rc6 49. Re5 Rc4 50. g3 Re4 51. Ra5 Rb4 52. Re5 Rb2+ 53. Kf3 g6 54. Ra5 Rb3+ 1/2-1/2

[Event "GER-ch U25-A"]
[Site "Willingen"]
[Date "2018.05.25"]
[Round "8"]
[White "Tham, Minh"]
[Black "Elier, Ali"]
[Result "1-0"]
[WhiteElo "1844"]
[BlackElo "1985"]
[PlyCount "43"]
[EventDate "2018.05.19"]
[EventType "swiss"]
[EventRounds "9"]
[EventCountry "GER"]
[SourceTitle "CBM 184 Extra"]
[Source "ChessBase"]
[SourceDate "2018.06.28"]
[SourceVersion "1"]
[SourceVersionDate "2018.06.28"]
[SourceQuality "1"]

1. d4 d5 2. c4 e6 3. Nc3 c5 4. e3 cxd4 5. exd4 Nf6 6. Nf3 Be7 7. g3 0-0 8. Bg2 Nc6 9. cxd5 Nxd5 10. 0-0 Bf6 11. Ne4 Qb6 12. Nxf6+ Nxf6 13. Qb3 Qxb3 14. axb3 Rd8 15. Rd1 Nd5 16. Ne5 Ncb4 17. Bd2 f6 18. Nc4 Kf7 19. Bxb4 Nxb4 20. Nb6 Rb8 21. Rxa7 Nc6 22. Bxc6 1-0

[Event "GER-ch U25-A"]
[Site "Willingen"]
[Date "2018.05.23"]
[Round "6"]
[White "Tham, Minh"]
[Black "Herbrig, Marie Helen"]
[Result "1-0"]
[WhiteElo "1844"]
[BlackElo "1907"]
[PlyCount "83"]
[EventDate "2018.05.19"]
[EventType "swiss"]
[EventRounds "9"]
[EventCountry "GER"]
[SourceTitle "CBM 184 Extra"]
[Source "ChessBase"]
[SourceDate "2018.06.28"]
[SourceVersion "1"]
[SourceVersionDate "2018.06.28"]
[SourceQuality "1"]

1. d4 Nf6 2. c4 e6 3. Nc3 Bb4 4. f3 d5 5. a3 Bxc3+ 6. bxc3 c6 7. e3 Nbd7 8. Bd3 0-0 9. Ne2 b6 10. cxd5 exd5 11. 0-0 Re8 12. Ng3 Bb7 13. e4 dxe4 14. fxe4 c5 15. e5 Nd5 16. Bxh7+ Kxh7 17. Qh5+ Kg8 18. Qxf7+ Kh8 19. Qh5+ Kg8 20. Qf7+ Kh8 21. Nf5 Re7 22. Nxe7 Qxe7 23. Qxe7 Nxe7 24. Rf7 Re8 25. Bg5 cxd4 26. cxd4 Nxe5 27. dxe5 Nc6 28. Rxb7 Rxe5 29. h4 Rb5 30. Rc1 Nd4 31. Rc8+ Kh7 32. Bf6 Rb1+ 33. Kh2 Nf5 34. Bxg7 Kg6 35. Rc6+ Kh5 36. Be5 Kg4 37. Rg6+ Kh5 38. Rg5+ Kxh4 39. Rxf5 Kg4 40. Rf4+ Kh5 41. Rg7 Rb5 42. g3 1-0

[Event "GER-ch U25-A"]
[Site "Willingen"]
[Date "2018.05.22"]
[Round "4"]
[White "Wanner, Lukas"]
[Black "Tham, Minh"]
[Result "1/2-1/2"]
[WhiteElo "2053"]
[BlackElo "1844"]
[PlyCount "79"]
[EventDate "2018.05.19"]
[EventType "swiss"]
[EventRounds "9"]
[EventCountry "GER"]
[SourceTitle "CBM 184 Extra"]
[Source "ChessBase"]
[SourceDate "2018.06.28"]
[SourceVersion "1"]
[SourceVersionDate "2018.06.28"]
[SourceQuality "1"]

1. c4 e6 2. g3 d5 3. Bg2 c6 4. Nf3 Nf6 5. 0-0 Bd6 6. d4 0-0 7. Nc3 Re8 8. Nd2 e5 9. dxe5 Bxe5 10. cxd5 cxd5 11. Nf3 Bxc3 12. bxc3 Nc6 13. Nd4 Nxd4 14. cxd4 h6 15. Bf4 Bf5 16. Rc1 Rc8 17. Qd2 Qd7 18. Rfe1 b6 19. f3 Re6 20. Rxc8+ Qxc8 21. Rc1 Rc6 22. Kf2 Rxc1 23. Qxc1 Qa6 24. Qb2 Qa4 25. g4 Bg6 26. h4 Qc6 27. h5 Bc2 28. Bd2 Qa4 29. a3 Bb3 30. Bb4 a5 31. Be7 b5 32. Qc3 Bc4 33. Qd2 Kh7 34. Bh3 Qb3 35. g5 Ne4+ 36. fxe4 Qxh3 37. gxh6 Qh2+ 38. Kf1 Qh1+ 39. Kf2 Qh2+ 40. Kf1 1/2-1/2

[Event "GER-ch U25-A"]
[Site "Willingen"]
[Date "2018.05.21"]
[Round "3"]
[White "Tham, Minh"]
[Black "Askerov, Imamali"]
[Result "1/2-1/2"]
[WhiteElo "1844"]
[BlackElo "1940"]
[PlyCount "118"]
[EventDate "2018.05.19"]
[EventType "swiss"]
[EventRounds "9"]
[EventCountry "GER"]
[SourceTitle "CBM 184 Extra"]
[Source "ChessBase"]
[SourceDate "2018.06.28"]
[SourceVersion "1"]
[SourceVersionDate "2018.06.28"]
[SourceQuality "1"]

1. d4 Nf6 2. c4 e6 3. Nc3 Bb4 4. f3 d5 5. a3 Bxc3+ 6. bxc3 h6 7. e3 0-0 8. Bd3 b6 9. Ne2 c5 10. 0-0 Ba6 11. cxd5 Bxd3 12. Qxd3 exd5 13. Bd2 Re8 14. Ng3 Nc6 15. Rfe1 Qd7 16. Rab1 Rab8 17. Kh1 Rec8 18. Rec1 Na5 19. e4 dxe4 20. fxe4 Ng4 21. Qe2 cxd4 22. cxd4 Rxc1+ 23. Rxc1 Nb3 24. Nf5 Nf6 25. Rf1 Nxd4 26. Nxd4 Qxd4 27. e5 Re8 28. Qf3 Qxe5 29. Bc3 Qe6 30. Qg3 Kh7 31. Re1 Qd7 32. Bxf6 Rxe1+ 33. Qxe1 gxf6 34. h3 Qe6 35. Qc3 Qe5 36. Qb3 Kg7 37. Qa4 a5 38. Qg4+ Qg5 39. Qa4 h5 40. Kh2 Qe5+ 41. Kh1 f5 42. Qd1 f4 43. a4 Kf6 44. Qd8+ Kg7 45. Qd1 Kg6 46. Qd3+ Kh6 47. Qb3 Qe6 48. Qa3 Kg5 49. Qb2 f6 50. Qb5+ f5 51. Qb2 Qf6 52. Qa2 Kh6 53. Qf2 Qd6 54. Qb2 Kg6 55. Qe2 Qd7 56. Qf2 Qd1+ 57. Kh2 Qd6 58. Kh1 Kg5 59. Qb2 Kg6 1/2-1/2

[Event "Berlin-ch QT"]
[Site "Berlin"]
[Date "2018.04.06"]
[Round "7"]
[White "Tham, Minh"]
[Black "Sulayev, Daniel"]
[Result "1/2-1/2"]
[WhiteElo "1803"]
[BlackElo "2011"]
[PlyCount "64"]
[EventDate "2018.03.31"]
[EventType "swiss"]
[EventRounds "9"]
[EventCountry "GER"]
[SourceTitle "EXT 2020"]
[Source "ChessBase"]
[SourceDate "2019.10.17"]
[SourceVersion "1"]
[SourceVersionDate "2019.10.17"]
[SourceQuality "1"]

1. d4 Nf6 2. c4 c5 3. d5 g6 4. Nc3 Bg7 5. e4 d6 6. Nf3 0-0 7. Be2 e6 8. 0-0 exd5 9. exd5 Na6 10. a3 Nc7 11. Bg5 h6 12. Bd2 a6 13. a4 b6 14. Re1 Rb8 15. Qc2 Bf5 16. Bd3 Bxd3 17. Qxd3 Qd7 18. b3 Rb7 19. Rab1 b5 20. a5 Rfb8 21. Qc2 Kh7 22. h3 Qd8 23. g3 Nce8 24. Ne2 Nd7 25. Qd3 b4 26. Bf4 Qxa5 27. g4 Qd8 28. Ng3 Qf6 29. Qe3 Qc3 30. Ne4 Qxe3 31. Rxe3 Rb6 32. Rbe1 Bf8 1/2-1/2

[Event "Berlin-ch QT"]
[Site "Berlin"]
[Date "2018.04.03"]
[Round "4"]
[White "Tham, Minh"]
[Black "Eberlein, Johann"]
[Result "1-0"]
[WhiteElo "1803"]
[BlackElo "1953"]
[PlyCount "77"]
[EventDate "2018.03.31"]
[EventType "swiss"]
[EventRounds "9"]
[EventCountry "GER"]
[SourceTitle "EXT 2020"]
[Source "ChessBase"]
[SourceDate "2019.10.17"]
[SourceVersion "1"]
[SourceVersionDate "2019.10.17"]
[SourceQuality "1"]

1. d4 Nc6 2. c4 e5 3. d5 Nce7 4. Nc3 Ng6 5. g3 Bc5 6. Bg2 N8e7 7. e3 0-0 8. Nge2 d6 9. 0-0 a6 10. a3 Bd7 11. b4 Ba7 12. e4 f5 13. exf5 Nxf5 14. Ne4 h6 15. Bb2 Qe7 16. Rc1 c5 17. bxc5 Bxc5 18. Nxc5 dxc5 19. Qd3 Qd6 20. Nc3 Rae8 21. Ne4 Qb6 22. Bc3 Qa7 23. Rfe1 b6 24. Rb1 Qc7 25. d6 Qa7 26. Nxc5 b5 27. Nxd7 Qxd7 28. c5 Kh8 29. Rbd1 Rc8 30. c6 Rxc6 31. Bxc6 Qxc6 32. d7 Ngh4 33. Re4 Nd4 34. Rxh4 Nf3+ 35. Kf1 Nxh4 36. gxh4 Qh1+ 37. Ke2 Qg2 38. Rf1 e4 39. Qg3 1-0

[Event "GER-chT U14"]
[Site "Verden an der Aller"]
[Date "2017.12.29"]
[Round "6.2"]
[White "Tham, Minh"]
[Black "Bui, Bao Anh Le"]
[Result "0-1"]
[WhiteElo "1819"]
[BlackElo "1916"]
[PlyCount "50"]
[EventDate "2017.12.26"]
[EventType "team-swiss"]
[EventRounds "7"]
[EventCountry "GER"]
[SourceTitle "CBM 182 Extra"]
[Source "ChessBase"]
[SourceDate "2018.02.23"]
[SourceVersion "1"]
[SourceVersionDate "2018.02.23"]
[SourceQuality "1"]
[WhiteTeam "Weisse Dame"]
[BlackTeam "Berlin Mattnetz"]
[WhiteTeamCountry "GER"]
[BlackTeamCountry "GER"]

1. e4 c5 2. d4 cxd4 3. c3 dxc3 4. Nxc3 Nc6 5. Nf3 d6 6. Bc4 a6 7. 0-0 Nf6 8. Qe2 Bg4 9. Rd1 e6 10. h3 Bxf3 11. Qxf3 Be7 12. Bf4 Qb8 13. Bb3 Ne5 14. Qe2 0-0 15. Bh2 Nc6 16. Kh1 b5 17. Nd5 exd5 18. exd5 Ne5 19. f4 Ng6 20. h4 Re8 21. h5 Bd8 22. Qf3 Nf8 23. g4 Bb6 24. Bc2 Re3 25. Qg2 Qe8 0-1

[Event "GER-chT U14"]
[Site "Verden an der Aller"]
[Date "2017.12.28"]
[Round "3.2"]
[White "Gubariev, Jakob"]
[Black "Tham, Minh"]
[Result "1/2-1/2"]
[WhiteElo "1803"]
[BlackElo "1819"]
[PlyCount "69"]
[EventDate "2017.12.26"]
[EventType "team-swiss"]
[EventRounds "7"]
[EventCountry "GER"]
[SourceTitle "CBM 182 Extra"]
[Source "ChessBase"]
[SourceDate "2018.02.23"]
[SourceVersion "1"]
[SourceVersionDate "2018.02.23"]
[SourceQuality "1"]
[WhiteTeam "Augsburg"]
[BlackTeam "Weisse Dame"]
[WhiteTeamCountry "GER"]
[BlackTeamCountry "GER"]

1. e4 e5 2. Nf3 Nc6 3. Bc4 Bc5 4. c3 Nf6 5. b4 Bb6 6. Qb3 0-0 7. d3 d6 8. a4 a5 9. b5 Ne7 10. Be3 Ng6 11. Bxb6 cxb6 12. g3 h6 13. h4 Bg4 14. Nbd2 Nd7 15. 0-0-0 Qf6 16. h5 Ne7 17. Nh4 Bxd1 18. Kxd1 Nc5 19. Qa2 Ne6 20. Ndf3 Kh7 21. Nh2 Ng8 22. Ng4 Qe7 23. Nf5 Qd7 24. Qd2 Rac8 25. Ke2 Ng5 26. Nge3 Ne7 27. f3 Nxf5 28. Nxf5 f6 29. Rh4 Rfd8 30. Rg4 Qe8 31. Rh4 Qd7 32. f4 Ne6 33. Qa2 Re8 34. Rg4 Rc7 35. Bxe6 1/2-1/2

[Event "GER-chT U14"]
[Site "Verden an der Aller"]
[Date "2017.12.28"]
[Round "4.2"]
[White "Tham, Minh"]
[Black "Goltser, Ilja"]
[Result "1/2-1/2"]
[WhiteElo "1819"]
[BlackElo "1812"]
[PlyCount "71"]
[EventDate "2017.12.26"]
[EventType "team-swiss"]
[EventRounds "7"]
[EventCountry "GER"]
[SourceTitle "CBM 182 Extra"]
[Source "ChessBase"]
[SourceDate "2018.02.23"]
[SourceVersion "1"]
[SourceVersionDate "2018.02.23"]
[SourceQuality "1"]
[WhiteTeam "Weisse Dame"]
[BlackTeam "Hamburger SK"]
[WhiteTeamCountry "GER"]
[BlackTeamCountry "GER"]

1. e4 e6 2. d4 d5 3. Nc3 Nf6 4. Bg5 Be7 5. e5 Nfd7 6. Bxe7 Qxe7 7. f4 c5 8. Nb5 Kd8 9. Nd6 b6 10. Qh5 g6 11. Qg5 Qxg5 12. Nxf7+ Ke7 13. Nxg5 Ba6 14. Ne2 Nc6 15. c3 Bxe2 16. Bxe2 cxd4 17. Bb5 Rac8 18. Ba6 Rc7 19. Rc1 dxc3 20. Rxc3 Ndb8 21. Bb5 a6 22. Bxc6 Rxc6 23. Rxc6 Nxc6 24. Kd2 h6 25. Nf3 Rc8 26. Rc1 Kd7 27. h3 Rf8 28. Ke3 a5 29. g3 Ne7 30. Nd4 Nf5+ 31. Nxf5 Rxf5 32. Rf1 Rh5 33. Rh1 Rf5 34. Rf1 Rh5 35. Rh1 Rf5 36. Rf1 1/2-1/2

[Event "Berlin Lichtenrade op 13th"]
[Site "Berlin"]
[Date "2017.10.30"]
[Round "3"]
[White "Knudsen, Jesper"]
[Black "Tham, Minh"]
[Result "1/2-1/2"]
[WhiteElo "2081"]
[BlackElo "1806"]
[PlyCount "107"]
[EventDate "2017.10.28"]
[EventType "swiss"]
[EventRounds "9"]
[EventCountry "GER"]
[SourceTitle "CBM 181 Extra"]
[Source "ChessBase"]
[SourceDate "2017.12.12"]
[SourceVersion "1"]
[SourceVersionDate "2017.12.12"]
[SourceQuality "1"]

1. e4 e5 2. Nf3 Nc6 3. Bb5 a6 4. Ba4 Nf6 5. 0-0 Be7 6. d3 d6 7. c3 0-0 8. Re1 b5 9. Bc2 Nb8 10. a4 Bb7 11. d4 Nbd7 12. Nbd2 Re8 13. Nf1 Bf8 14. Ng3 g6 15. Bg5 Bg7 16. Qd2 Nb6 17. axb5 axb5 18. Bd3 Qd7 19. Rxa8 Bxa8 20. b3 Bb7 21. d5 Rb8 22. Be3 Nc8 23. h3 Ne7 24. Rd1 Qe8 25. c4 bxc4 26. bxc4 c5 27. Rb1 Qd8 28. Rb3 Nd7 29. Qb2 Ba6 30. Rxb8 Qxb8 31. Qxb8+ Nxb8 32. Ne1 Nc8 33. Nc2 Nd7 34. Nf1 Bf6 35. Nd2 Bd8 36. Nb3 Ndb6 37. Na3 Na4 38. Kf1 Kf8 39. Ke2 Ke7 40. g3 f6 41. Bd2 Kd7 42. Nc2 Ke7 43. Ba5 Bxa5 44. Nxa5 Nab6 45. Ne3 Na4 46. Kd2 Ncb6 47. Kc2 Bc8 48. g4 Bd7 49. Kd2 Nc8 50. Nd1 Nab6 51. Nc3 Be8 52. f3 Bd7 53. Ke3 g5 54. Kd2 1/2-1/2

[Event "GER-ch U14"]
[Site "Willingen"]
[Date "2017.06.08"]
[Round "7"]
[White "Tham, Minh"]
[Black "Jungandreas, Tillmann"]
[Result "1-0"]
[WhiteElo "1820"]
[BlackElo "1414"]
[PlyCount "79"]
[EventDate "2017.06.04"]
[EventType "swiss"]
[EventRounds "9"]
[EventCountry "GER"]
[SourceTitle "CBM 178 Extra"]
[Source "ChessBase"]
[SourceDate "2017.06.22"]
[SourceVersion "1"]
[SourceVersionDate "2017.06.22"]
[SourceQuality "1"]

1. e4 e5 2. Nf3 Nc6 3. Bc4 Bc5 4. c3 Nf6 5. d3 d6 6. Bb3 Be6 7. Nbd2 Qd7 8. Nf1 Ne7 9. Ng3 Ng6 10. 0-0 0-0 11. h3 h6 12. Re1 Bb6 13. d4 Bxb3 14. Qxb3 exd4 15. cxd4 Rfe8 16. Qd3 Rad8 17. Bd2 c6 18. Rac1 d5 19. e5 Nh7 20. Nf5 Bc7 21. Bb4 Nf4 22. Qc2 Ng5 23. Nxg5 hxg5 24. Nd6 Bxd6 25. Bxd6 Re6 26. Re3 Rh6 27. Rg3 f6 28. Re1 Re8 29. Qd2 Kf7 30. b4 Reh8 31. Qe3 Re8 32. Qa3 b6 33. Qf3 Qf5 34. Rc1 Rc8 35. exf6 Rxf6 36. Be5 Re6 37. Rg4 Rxe5 38. dxe5 Qxe5 39. g3 Qe2 40. Rxf4+ 1-0

[Event "GER-ch U14"]
[Site "Willingen"]
[Date "2017.06.06"]
[Round "5"]
[White "Tham, Minh"]
[Black "Buller, Ian Joshua"]
[Result "0-1"]
[WhiteElo "1820"]
[BlackElo "1677"]
[PlyCount "88"]
[EventDate "2017.06.04"]
[EventType "swiss"]
[EventRounds "9"]
[EventCountry "GER"]
[SourceTitle "CBM 178 Extra"]
[Source "ChessBase"]
[SourceDate "2017.06.22"]
[SourceVersion "1"]
[SourceVersionDate "2017.06.22"]
[SourceQuality "1"]

1. e4 c5 2. Nf3 d6 3. d4 cxd4 4. c3 Nf6 5. e5 dxe5 6. Nxe5 Nc6 7. Bb5 Qd5 8. Bxc6+ bxc6 9. Nf3 dxc3 10. Nxc3 Qxd1+ 11. Kxd1 Bg4 12. Ke2 e6 13. Be3 Nd5 14. Nxd5 cxd5 15. Rac1 Bd6 16. Rc6 Kd7 17. Rhc1 a6 18. Rb6 Bxf3+ 19. Kxf3 Rhb8 20. Rcc6 Rxb6 21. Rxb6 Bc7 22. Rb4 Rb8 23. Ra4 Rxb2 24. Rxa6 e5 25. Bc5 f5 26. g3 d4 27. Kg2 Rb5 28. Bf8 Ra5 29. Rxa5 Bxa5 30. Bxg7 d3 31. Kf3 e4+ 32. Ke3 Bb6+ 33. Kd2 Bxf2 34. Be5 Kc6 35. h3 Kb5 36. g4 fxg4 37. hxg4 Kc4 38. Bf4 Kd4 39. Kc1 e3 40. a4 e2 41. Bd2 e1Q+ 42. Bxe1 Bxe1 43. Kd1 Ba5 44. g5 Ke3 0-1